Tìm hiểu về đào tạo luật và nghề luật ở CHLB Đức /

সংরক্ষণ করুন:
গ্রন্থ-পঞ্জীর বিবরন
প্রধান লেখক: Nguyễn Văn Nam
বিন্যাস: প্রবন্ধ
ভাষা:Vietnamese
বিষয়গুলি:
ট্যাগগুলো: ট্যাগ যুক্ত করুন
কোনো ট্যাগ নেই, প্রথমজন হিসাবে ট্যাগ করুন!
Thư viện lưu trữ: Thư viện Trường Đại học Đà Lạt
LEADER 00782nam a2200289 4500
001 DLU060000564
040 # # |a DLU  |b vie 
041 # # |a vie 
044 # # |a vn 
100 # # |a Nguyễn Văn Nam 
245 # # |a Tìm hiểu về đào tạo luật và nghề luật ở CHLB Đức /  |c Nguyễn Văn Nam 
653 # # |a Đào tạo 
653 # # |a CHLB Đức 
653 # # |a Luật 
653 # # |a Pháp luật 
773 # # |t Nghiên cứu Châu Âu  |g Số 5, 2005, tr.67-75 
920 # # |a Phòng Tạp chí -- Trung tâm Thông tin - Thư viện Trường Đại học Đà Lạt 
933 # # |a CT, TN 
994 # # |a DLU 
900 # # |a True 
911 # # |a Nguyễn Thị Yên 
925 # # |a G 
926 # # |a A 
927 # # |a BB 
980 # # |a Thư viện Trường Đại học Đà Lạt